ბათუმის შოთა რუსთაველის სახელმწიფო უნივერსიტეტის ბიბლიოთეკა

Основы технологии обработки буровых и цементных растворов. (ბიბ.ჩანაწერი № 36786)

000 -LEADER
fixed length control field 01336nam a2200253Ia 4500
001 - CONTROL NUMBER
control field 2726
003 - CONTROL NUMBER IDENTIFIER
control field GE_BSU
005 - DATE AND TIME OF LATEST TRANSACTION
control field 20221027140125.0
008 - FIXED-LENGTH DATA ELEMENTS--GENERAL INFORMATION
fixed length control field 181216s2011ru xx |||||||||||||| ||rus||
020 ## - INTERNATIONAL STANDARD BOOK NUMBER
International Standard Book Number 9789941200199
040 ## - CATALOGING SOURCE
Transcribing agency GE_BSU
041 ## - LANGUAGE CODE
Language code of text/sound track or separate title rus
080 ## - UNIVERSAL DECIMAL CLASSIFICATION NUMBER
Universal Decimal Classification number 622.24 В-18
100 ## - MAIN ENTRY--PERSONAL NAME
Personal name Варшаломидзе, Гурам.
9 (RLIN) 15586
245 ## - TITLE STATEMENT
Title Основы технологии обработки буровых и цементных растворов.
Remainder of title Монография = საბურღი და ცემენტის ხსნარების დამუშავების ტექნოლოგიის საფუძვლები = Fundamentals of technology of drilling and cement muds treatment /
Statement of responsibility, etc. Гурам Варшаломидзе, Гл. ред. Г. Берая.
264 ## - PRODUCTION, PUBLICATION, DISTRIBUTION, MANUFACTURE, AND COPYRIGHT NOTICE
Place of production, publication, distribution, manufacture Тбилиси :
Name of producer, publisher, distributor, manufacturer Технический ун-т,
Date of production, publication, distribution, manufacture, or copyright notice 2011.
300 ## - PHYSICAL DESCRIPTION
Extent 68 с.:
Other physical details 24 cм.
Dimensions ил. ;
500 ## - GENERAL NOTE
General note Библиогр.: с. 662-668.
653 ## - INDEX TERM--UNCONTROLLED
keyword Технологии обработки буровых и цементных растворов
653 ## - INDEX TERM--UNCONTROLLED
keyword საბურღი ხსნარები
653 ## - INDEX TERM--UNCONTROLLED
keyword ცემენტის ხსნარები
700 ## - ADDED ENTRY--PERSONAL NAME
Personal name Берая, Г.
Relator term მთავარი რედაქტორი
9 (RLIN) 15587
942 ## - ADDED ENTRY ELEMENTS (KOHA)
Koha item type წიგნი
Source of classification or shelving scheme
ეგზემპლარები
Withdrawn status Lost status Source of classification or shelving scheme Damaged status Not for loan Permanent Location Current Location Shelving location Date acquired Cost, normal purchase price Full call number Barcode Date last seen Copy number Price effective from Koha item type Public note
          ბათუმის შოთა რუსთაველის სახელმწიფო უნივერსიტეტის მთავარი ბიბლიოთეკა ბათუმის შოთა რუსთაველის სახელმწიფო უნივერსიტეტის მთავარი ბიბლიოთეკა წიგნსაცავი 2018-12-17 30.00 622.24 В-18 4599 2018-12-17 4599 2018-12-17 წიგნი 30.00
          ბათუმის შოთა რუსთაველის სახელმწიფო უნივერსიტეტის მთავარი ბიბლიოთეკა ბათუმის შოთა რუსთაველის სახელმწიფო უნივერსიტეტის მთავარი ბიბლიოთეკა წიგნსაცავი 2018-12-17 30.00 622.24 В-18 4600 2018-12-17 4600 2018-12-17 წიგნი 30.00
          ბათუმის შოთა რუსთაველის სახელმწიფო უნივერსიტეტის მთავარი ბიბლიოთეკა ბათუმის შოთა რუსთაველის სახელმწიფო უნივერსიტეტის მთავარი ბიბლიოთეკა წიგნსაცავი 2018-12-17 30.00 622.24 В-18 4601 2018-12-17 4601 2018-12-17 წიგნი 30.00
          ბათუმის შოთა რუსთაველის სახელმწიფო უნივერსიტეტის მთავარი ბიბლიოთეკა ბათუმის შოთა რუსთაველის სახელმწიფო უნივერსიტეტის მთავარი ბიბლიოთეკა წიგნსაცავი 2018-12-17 30.00 622.24 В-18 4602 2018-12-17 4602 2018-12-17 წიგნი 30.00